000 00329nam a22001457a 4500
008 221202b ||||| |||| 00| 0 eng d
020 _a9780205765621
041 _aeng
080 _2THIRD EDITION
_a61
082 _a61 VEA
100 _a2
101 _aMJEK
245 _aTHE BASIC OF BIOETHICS
_cVEATCH M R
942 _2udc
_cBK
999 _c59077
_d59077